| 000 | 00736nam a2200229 a 4500 | ||
|---|---|---|---|
| 001 | 000023360 | ||
| 005 | 20200930022150.0 | ||
| 008 | 101203s1992 sp r 000 0 spa d | ||
| 020 | _a8420480827 | ||
| 040 |
_aDO-SdBNP _bspa _cBNPHU |
||
| 082 |
_a863.44 _bZ94a |
||
| 100 | 1 |
_aZuñiga, Juan Eduardo _d1929- _948126 |
|
| 245 | 1 | 0 |
_aEl anillo de Pushkin / _cJuan Eduardo Zuñiga. |
| 260 |
_aMadrid : _bAlfaguara, _c1992. |
||
| 300 |
_a188, [1] p. ; _c22 cm. |
||
| 490 | 1 |
_aAlfaguara hispánica _v85 |
|
| 500 | _aIncluye datos biográficos del autor en la sola de la contracubierta | ||
| 650 | 4 |
_aNovela española _91123 |
|
| 650 | 4 |
_aLiteratura española _ySIGLO XX _93326 |
|
| 830 | 0 |
_aAlfaguara hispánica ; _v85 _94764 |
|
| 049 | _aBNGR | ||
| 999 |
_c22857 _d22857 |
||